The skeleton key of mathematics : a simple account of complex algebraic theories

Αποθηκεύτηκε σε:
Λεπτομέρειες βιβλιογραφικής εγγραφής
Κύριος συγγραφέας: Littlewood, Dudley Ernest
Μορφή: Βιβλίο
Γλώσσα:English
Δημοσίευση: London : Hutchinson University Library, 1949.
Σειρά:Hutchinson's university library. Mathematical and physical sciences ; 18
Θέματα:
Ετικέτες: Προσθήκη ετικέτας
Δεν υπάρχουν, Καταχωρήστε ετικέτα πρώτοι!

MARC

LEADER 00000cam a2200000 i 4500
001 1/9359
008 100714s1949 enk| ||| |||| ||eng||
035 |l 10108599 
040 |a GR-MyUA  |b gre  |e AACR2 
041 0 |a eng 
082 0 |a 512  |2 (22) 
100 1 |a Littlewood, Dudley Ernest. 
245 1 4 |a The skeleton key of mathematics :   |b a simple account of complex algebraic theories /   |c by D. E. Littlewood.  
260 |a London :   |b Hutchinson University Library,   |c 1949.  
300 |a 138 σ. ;   |c 19 εκ.  
490 1 |a (Hutchinson university library   |v ; 18)  
504 |a Περιέχει ευρετήριο.  
650 0 0 |a Algebra. 
767 0 8 |i Μεταφρασμένο ως:   |t Στοιχειώδης εισαγωγή στα ανώτερα μαθηματικά :  
830 0 |a Hutchinson's university library. Mathematical and physical sciences ;  |v  18 
852 |a INST  |b SAMOS  |c MAG  |e 20100714  |h 512 LIT  |p 005300031498  |q 005300031498  |t BK  |y 0 
901 |a BIBL3-2010-2 
909 |a Σ  |b 165852 
970 |a ΣΙΤΖΙΜΗ  |b ΓΙΑΣΕΜΗ  |z 2010/07/14